000 003570000a22001450004500
003 MACL
040 _aMACL
090 _c6258
_d6257
100 _aBreaue, Donald
245 _aMaya
_bIn Radhakrishnan's Thought: six Meanings other Than Illusion
260 _bMotilal Banarsidass Publishers
_c1984
350 _a80
650 _aPhilisophy
942 _cBOOK
_k100
999 _c6210
_d6210